| 000 | 01020cab a2200181 4500 | ||
|---|---|---|---|
| 001 | ##L131671 | ||
| 008 | 051129n2005 000 0 eng u | ||
| 035 | _a(Sirsi) u131671 | ||
| 041 | 0 | _aeng | |
| 100 | 1 | _aWebber, Gary | |
| 245 | 0 | 0 | _aAssured shorthold leases |
| 260 | _c2005 | ||
| 490 | 0 | 0 |
_aSolicitors' Journal _v149(43) 11 November 2005, 1340-1341(2) |
| 520 | _aPostulates ending an assured shorthold tenancy by serving a notice under s21 of the Housing Act 1988. Discusses the conditions to be met and looks at ways around the problem of s21(4) which stipulates that the notice must expire on the last day of a period of tenancy. Suggests that the consensus that a s21(4) notice must be served to a tenant remaining in occupation after expiration of a fixed term is wrong. Concludes that it is permissible to serve a s21(1) notice without complying with the extra requirements of s21(4). | ||
| 690 | _aPROPERTY-RESIDENTIAL PROPERTY-DOMESTIC RESIDENTIAL PROPERTY-HOUSING | ||
| 700 | _aDovar, D. | ||
| 942 | _n0 | ||
| 999 |
_c76237 _d76237 |
||